[Event "9. Forchheimer Sparkassen Open 2010"]
[Site "Forchheim"]
[Date "2010.10.01"]
[Round "1.19"]
[White "von der Linden, Armin"]
[Black "Walch, Roger"]
[Result "1-0"]
[WhiteElo "2013"]
[BlackElo "1734"]
[PlyCount "125"]
[EventDate "2010.??.??"]
[WhiteTeam "SF Zeiler Turm"]
[BlackTeam "SW Nürnberg Süd e.V."]

1. d4 {[%emt 0:00:00]} Nf6 {[%emt 0:00:02]} 2. c4 {[%emt 0:00:02]} e6 {
[%emt 0:00:01]} 3. Nf3 {[%emt 0:00:01]} c5 {[%emt 0:00:01]} 4. g3 {
[%emt 0:00:02]} cxd4 {[%emt 0:00:01]} 5. Nxd4 {[%emt 0:00:02]} Qb6 {
[%emt 0:00:02]} 6. Nc3 {[%emt 0:00:02]} a6 {[%emt 0:00:00]} 7. Bg2 {
[%emt 0:00:03]} Nc6 {[%emt 0:00:03]} 8. Nb3 {[%emt 0:00:02]} Be7 {
[%emt 0:00:02]} 9. O-O {[%emt 0:00:34]} O-O {[%emt 0:00:04]} 10. e4 {
[%emt 0:00:03]} d6 {[%emt 0:00:02]} 11. Be3 {[%emt 0:00:02]} Qd8 {
[%emt 0:00:03]} 12. Qe2 {[%emt 0:00:02]} Ne5 {[%emt 0:00:03]} 13. Rfd1 {
[%emt 0:00:02]} Qc7 {[%emt 0:00:02]} 14. Nd2 {[%emt 0:00:02]} Bd7 {
[%emt 0:00:02]} 15. Rac1 {[%emt 0:00:02]} Rac8 {[%emt 0:00:02]} 16. b3 {
[%emt 0:00:02]} Bc6 {[%emt 0:00:10]} 17. f3 {[%emt 0:00:03]} Rfd8 {
[%emt 0:00:02]} 18. Nf1 {[%emt 0:00:02]} Qa5 {[%emt 0:00:02]} 19. Bd2 {
[%emt 0:00:02]} Qc7 {[%emt 0:00:02]} 20. Ne3 {[%emt 0:00:02]} Qb8 {
[%emt 0:00:02]} 21. a4 {[%emt 0:00:02]} Ned7 {[%emt 0:00:03]} 22. Be1 {
[%emt 0:00:02]} Nc5 {[%emt 0:00:02]} 23. Rb1 {[%emt 0:00:02]} Nfd7 {
[%emt 0:00:02]} 24. Bf2 {[%emt 0:00:02]} Bf6 {[%emt 0:00:02]} 25. Na2 {
[%emt 0:00:02]} Nxb3 {[%emt 0:00:03]} 26. Rxb3 {[%emt 0:00:04]} Bxa4 {
[%emt 0:00:01]} 27. Rbd3 {[%emt 0:00:02]} Bxd1 {[%emt 0:00:01]} 28. Qxd1 {
[%emt 0:00:02]} Ne5 {[%emt 0:00:02]} 29. Rd2 {[%emt 0:00:02]} Nxc4 {
[%emt 0:00:03]} 30. Nxc4 {[%emt 0:00:02]} Rxc4 {[%emt 0:00:01]} 31. Qb3 {
[%emt 0:00:02]} b5 {[%emt 0:00:01]} 32. Bf1 {[%emt 0:00:04]} Ra4 {
[%emt 0:00:01]} 33. Rc2 {[%emt 0:00:03]} d5 {[%emt 0:00:05]} 34. exd5 {
[%emt 0:00:02]} Rxd5 {[%emt 0:00:01]} 35. Nc3 {[%emt 0:00:02]} Bxc3 {
[%emt 0:00:01]} 36. Qxc3 {[%emt 0:00:02]} Qd8 {[%emt 0:00:02]} 37. Qc6 {
[%emt 0:00:03]} Rd1 {[%emt 0:00:02]} 38. Kg2 {[%emt 0:00:02]} h6 {
[%emt 0:00:04]} 39. Be3 {[%emt 0:00:02]} Rxf1 {[%emt 0:00:02]} 40. Kxf1 {
[%emt 0:00:04]} Qd3+ {[%emt 0:00:03]} 41. Kf2 {[%emt 0:00:07]} Ra1 {
[%emt 0:00:01]} 42. Qa8+ {[%emt 0:00:03]} Kh7 {[%emt 0:00:03]} 43. Qe4+ {
[%emt 0:00:02]} Qxe4 {[%emt 0:00:01]} 44. fxe4 {[%emt 0:00:02]} b4 {
[%emt 0:00:01]} 45. Rb2 {[%emt 0:00:02]} a5 {[%emt 0:00:01]} 46. Bb6 {
[%emt 0:00:05]} Kg6 {[%emt 0:00:03]} 47. Ke3 {[%emt 0:00:01]} e5 {
[%emt 0:00:02]} 48. Kd3 {[%emt 0:00:03]} Ra3+ {[%emt 0:00:02]} 49. Kc4 {
[%emt 0:00:05]} b3 {[%emt 0:00:02]} 50. Rxb3 {[%emt 0:00:02]} Rxb3 {
[%emt 0:00:01]} 51. Kxb3 {[%emt 0:00:01]} Kg5 {[%emt 0:00:01]} 52. h3 {
[%emt 0:00:02]} f5 {[%emt 0:00:01]} 53. exf5 {[%emt 0:00:04]} Kxf5 {
[%emt 0:00:01]} 54. Bxa5 {[%emt 0:00:02]} g5 {[%emt 0:00:02]} 55. Kc4 {
[%emt 0:00:02]} Ke4 {[%emt 0:00:04]} 56. Bc7 {[%emt 0:00:03]} h5 {
[%emt 0:00:02]} 57. Bb8 {[%emt 0:00:03]} h4 {[%emt 0:00:02]} 58. g4 {
[%emt 0:00:05]} Kf4 {[%emt 0:00:04]} 59. Kd5 {[%emt 0:00:02]} Kg3 {
[%emt 0:00:02]} 60. Kxe5 {[%emt 0:00:01]} Kxh3 {[%emt 0:00:01]} 61. Kf5 {
[%emt 0:00:02]} Kg2 {[%emt 0:00:01]} 62. Kxg5 {[%emt 0:00:02]} h3 {
[%emt 0:00:01]} 63. Kf6 {[%emt 0:00:02]} 1-0

[Event "9. Forchheimer Sparkassen Open 2010"]
[Site "Forchheim"]
[Date "2010.10.01"]
[Round "1.20"]
[White "Myagkov, Kirill"]
[Black "Hohner, Karl-Heinz"]
[Result "1/2-1/2"]
[WhiteElo "1790"]
[BlackElo "2400"]
[PlyCount "46"]
[EventDate "2010.??.??"]
[TimeControl "300"]

1. e4 {[%emt 0:00:00]} e6 {[%emt 0:00:01]} 2. d4 {[%emt 0:00:01]} d5 {
[%emt 0:00:02]} 3. exd5 {[%emt 0:00:01]} exd5 {[%emt 0:00:01]} 4. Bd3 {
[%emt 0:00:02]} Nf6 {[%emt 0:00:02]} 5. Ne2 {[%emt 0:00:02]} Bd6 {
[%emt 0:00:01]} 6. Bf4 {[%emt 0:00:02]} O-O {[%emt 0:00:02]} 7. O-O {
[%emt 0:00:02]} Bg4 {[%emt 0:00:02]} 8. f3 {[%emt 0:00:02]} Be6 {[%emt 0:00:03]
} 9. Bxd6 {[%emt 0:00:02]} Qxd6 {[%emt 0:00:01]} 10. Ng3 {[%emt 0:00:02]} c5 {
[%emt 0:00:01]} 11. c3 {[%emt 0:00:01]} Nc6 {[%emt 0:00:01]} 12. Na3 {
[%emt 0:00:02]} cxd4 {[%emt 0:00:01]} 13. cxd4 {[%emt 0:00:02]} Qf4 {
[%emt 0:00:01]} 14. Nc2 {[%emt 0:00:02]} h5 {[%emt 0:00:02]} 15. Ne2 {
[%emt 0:00:02]} Qd6 {[%emt 0:00:02]} 16. Qd2 {[%emt 0:00:01]} g6 {
[%emt 0:00:01]} 17. Qg5 {[%emt 0:00:03]} Kg7 {[%emt 0:00:02]} 18. Nf4 {
[%emt 0:00:04]} Ne7 {[%emt 0:00:02]} 19. Nxe6+ {[%emt 0:00:48]} fxe6 {
[%emt 0:00:02]} 20. Rfe1 {[%emt 0:00:03]} Rae8 {[%emt 0:00:02]} 21. Re5 {
[%emt 0:00:05]} Nh7 {[%emt 0:00:02]} 22. Qg3 {[%emt 0:00:02]} Nf5 {
[%emt 0:00:02]} 23. Bxf5 {[%emt 0:00:02]} Rxf5 {[%emt 0:00:01]} 1/2-1/2

[Event "9. Forchheimer Sparkassen Open 2010"]
[Site "Forchheim"]
[Date "2010.10.01"]
[Round "1.21"]
[White "Hauf, Nicolai"]
[Black "Müller, Roland"]
[Result "1/2-1/2"]
[WhiteElo "1789"]
[BlackElo "1661"]
[PlyCount "120"]
[EventDate "2010.??.??"]
[WhiteTeam "SK Leutershausen"]
[BlackTeam "SV Lauf a.d.P."]

1. c4 {[%emt 0:00:00]} e5 {[%emt 0:00:01]} 2. g3 {[%emt 0:00:02]} Nf6 {
[%emt 0:00:02]} 3. Bg2 {[%emt 0:00:02]} d6 {[%emt 0:00:01]} 4. Nc3 {
[%emt 0:00:02]} c6 {[%emt 0:00:03]} 5. d4 {[%emt 0:00:02]} exd4 {[%emt 0:00:02]
} 6. Qxd4 {[%emt 0:00:02]} Be7 {[%emt 0:00:01]} 7. Nf3 {[%emt 0:00:02]} O-O {
[%emt 0:00:02]} 8. O-O {[%emt 0:00:02]} Nbd7 {[%emt 0:00:02]} 9. Rd1 {
[%emt 0:00:02]} Nc5 {[%emt 0:00:02]} 10. h3 {[%emt 0:00:02]} Ne6 {
[%emt 0:00:02]} 11. Qd3 {[%emt 0:00:02]} Qc7 {[%emt 0:00:02]} 12. e4 {
[%emt 0:00:14]} b6 {[%emt 0:00:02]} 13. b3 {[%emt 0:00:02]} Bb7 {[%emt 0:00:02]
} 14. Nd4 {[%emt 0:00:02]} Rad8 {[%emt 0:00:03]} 15. Nf5 {[%emt 0:00:03]} Rfe8
{[%emt 0:00:02]} 16. Ba3 {[%emt 0:00:02]} Nc5 {[%emt 0:00:02]} 17. Nxe7+ {
[%emt 0:00:05]} Qxe7 {[%emt 0:00:02]} 18. Bxc5 {[%emt 0:00:02]} dxc5 {
[%emt 0:00:02]} 19. Qc2 {[%emt 0:00:02]} b5 {[%emt 0:00:02]} 20. e5 {
[%emt 0:00:02]} Qxe5 {[%emt 0:00:01]} 21. cxb5 {[%emt 0:00:03]} Qc7 {
[%emt 0:00:01]} 22. Rxd8 {[%emt 0:00:04]} Rxd8 {[%emt 0:00:03]} 23. Rd1 {
[%emt 0:00:07]} Rxd1+ {[%emt 0:00:02]} 24. Qxd1 {[%emt 0:00:02]} h6 {
[%emt 0:00:01]} 25. bxc6 {[%emt 0:00:02]} Bxc6 {[%emt 0:00:01]} 26. Bxc6 {
[%emt 0:00:02]} Qxc6 {[%emt 0:00:02]} 27. Qd8+ {[%emt 0:00:02]} Kh7 {
[%emt 0:00:02]} 28. Qe7 {[%emt 0:00:03]} c4 {[%emt 0:00:03]} 29. Qxf7 {
[%emt 0:00:02]} cxb3 {[%emt 0:00:02]} 30. Qxb3 {[%emt 0:00:03]} Qe8 {
[%emt 0:00:02]} 31. Qc4 {[%emt 0:00:02]} Qe7 {[%emt 0:00:02]} 32. a4 {
[%emt 0:00:02]} Qb7 {[%emt 0:00:03]} 33. Qd3+ {[%emt 0:00:02]} Kg8 {
[%emt 0:00:02]} 34. a5 {[%emt 0:00:02]} a6 {[%emt 0:00:02]} 35. Qc4+ {
[%emt 0:00:02]} Kh7 {[%emt 0:00:02]} 36. Na4 {[%emt 0:00:02]} Ne4 {
[%emt 0:00:01]} 37. Nc5 {[%emt 0:00:02]} Nxc5 {[%emt 0:00:02]} 38. Qxc5 {
[%emt 0:00:01]} Qb1+ {[%emt 0:00:03]} 39. Kh2 {[%emt 0:00:02]} Qb7 {
[%emt 0:00:01]} 40. h4 {[%emt 0:00:03]} Kh8 {[%emt 0:00:03]} 41. h5 {
[%emt 0:00:03]} Qf3 {[%emt 0:00:03]} 42. Kg1 {[%emt 0:00:02]} Qd1+ {
[%emt 0:00:02]} 43. Kg2 {[%emt 0:00:01]} Qd3 {[%emt 0:00:01]} 44. Qe5 {
[%emt 0:00:02]} Qd8 {[%emt 0:00:02]} 45. Qf5 {[%emt 0:00:03]} Qa8+ {
[%emt 0:00:02]} 46. Kh2 {[%emt 0:00:03]} Qe8 {[%emt 0:00:03]} 47. Qd5 {
[%emt 0:00:02]} Qf8 {[%emt 0:00:02]} 48. Kg2 {[%emt 0:00:02]} Qc8 {
[%emt 0:00:03]} 49. Qd6 {[%emt 0:00:03]} Qb7+ {[%emt 0:00:09]} 50. f3 {
[%emt 0:00:02]} Qc8 {[%emt 0:00:02]} 51. Qd5 {[%emt 0:00:02]} Qc2+ {
[%emt 0:00:02]} 52. Kh3 {[%emt 0:00:01]} Qc8+ {[%emt 0:00:02]} 53. g4 {
[%emt 0:00:04]} Qf8 {[%emt 0:00:02]} 54. Qb7 {[%emt 0:00:02]} Kg8 {
[%emt 0:00:03]} 55. Kg2 {[%emt 0:00:04]} Qd6 {[%emt 0:00:02]} 56. Qb6 {
[%emt 0:00:04]} Qd2+ {[%emt 0:00:02]} 57. Kg3 {[%emt 0:00:04]} Qe2 {
[%emt 0:00:01]} 58. Kf4 {[%emt 0:00:02]} Qd2+ {[%emt 0:00:02]} 59. Kf5 {
[%emt 0:00:04]} Qd3+ {[%emt 0:00:02]} 60. Ke5 {[%emt 0:00:02]} Qc3+ {
[%emt 0:00:02]} 1/2-1/2

[Event "9. Forchheimer Sparkassen Open 2010"]
[Site "Forchheim"]
[Date "2010.10.01"]
[Round "1.22"]
[White "Ertl, Helmut"]
[Black "Thürauf, Peter"]
[Result "0-1"]
[WhiteElo "1660"]
[BlackElo "1920"]
[PlyCount "139"]
[EventDate "2010.??.??"]
[WhiteTeam "SV Deggendorf"]
[BlackTeam "SW Nürnberg Süd e.V."]

1. e4 {[%emt 0:00:00]} c5 {[%emt 0:00:01]} 2. Nf3 {[%emt 0:00:02]} e6 {
[%emt 0:00:01]} 3. d4 {[%emt 0:00:02]} cxd4 {[%emt 0:00:01]} 4. Nxd4 {
[%emt 0:00:02]} Nf6 {[%emt 0:00:01]} 5. Nc3 {[%emt 0:00:02]} d6 {[%emt 0:00:01]
} 6. Be2 {[%emt 0:00:08]} Nc6 {[%emt 0:00:02]} 7. Be3 {[%emt 0:00:03]} Be7 {
[%emt 0:00:02]} 8. O-O {[%emt 0:00:52]} O-O {[%emt 0:00:01]} 9. g3 {
[%emt 0:00:02]} a6 {[%emt 0:00:00]} 10. Bf3 {[%emt 0:00:03]} Ne5 {
[%emt 0:00:01]} 11. Bg2 {[%emt 0:00:02]} Nc4 {[%emt 0:00:02]} 12. Bc1 {
[%emt 0:00:02]} Qc7 {[%emt 0:00:01]} 13. b3 {[%emt 0:00:02]} Ne5 {
[%emt 0:00:01]} 14. Bb2 {[%emt 0:00:01]} Bd7 {[%emt 0:00:02]} 15. Nce2 {
[%emt 0:00:03]} b5 {[%emt 0:00:01]} 16. Nf4 {[%emt 0:00:02]} Rac8 {
[%emt 0:00:02]} 17. Nd3 {[%emt 0:00:02]} Nc6 {[%emt 0:00:02]} 18. Rc1 {
[%emt 0:00:02]} Nxd4 {[%emt 0:00:03]} 19. Bxd4 {[%emt 0:00:01]} e5 {
[%emt 0:00:02]} 20. Bb2 {[%emt 0:00:02]} Be6 {[%emt 0:00:01]} 21. Nb4 {
[%emt 0:00:02]} Qb6 {[%emt 0:00:03]} 22. Nd5 {[%emt 0:00:01]} Nxd5 {
[%emt 0:00:02]} 23. exd5 {[%emt 0:00:02]} Bf5 {[%emt 0:00:01]} 24. Qe2 {
[%emt 0:00:02]} Bg5 {[%emt 0:00:02]} 25. h4 {[%emt 0:00:02]} Bxc1 {
[%emt 0:00:03]} 26. Rxc1 {[%emt 0:00:02]} Bd7 {[%emt 0:00:02]} 27. g4 {
[%emt 0:00:02]} f5 {[%emt 0:00:02]} 28. g5 {[%emt 0:00:02]} f4 {[%emt 0:00:01]}
29. c4 {[%emt 0:00:03]} bxc4 {[%emt 0:00:02]} 30. Be4 {[%emt 0:00:01]} Bf5 {
[%emt 0:00:03]} 31. Bxf5 {[%emt 0:00:02]} Rxf5 {[%emt 0:00:01]} 32. Qg4 {
[%emt 0:00:03]} g6 {[%emt 0:00:01]} 33. Qf3 {[%emt 0:00:04]} Qa5 {
[%emt 0:00:03]} 34. bxc4 {[%emt 0:00:05]} Qxa2 {[%emt 0:00:03]} 35. Qa3 {
[%emt 0:00:02]} Qxa3 {[%emt 0:00:02]} 36. Bxa3 {[%emt 0:00:01]} e4 {
[%emt 0:00:02]} 37. Bxd6 {[%emt 0:00:02]} Rxd5 {[%emt 0:00:03]} 38. Bxf4 {
[%emt 0:00:02]} Rdc5 {[%emt 0:00:03]} 39. Rb1 {[%emt 0:00:03]} Rxc4 {
[%emt 0:00:01]} 40. Rb7 {[%emt 0:00:02]} R4c5 {[%emt 0:00:23]} 41. Re7 {
[%emt 0:00:03]} a5 {[%emt 0:00:02]} 42. Be5 {[%emt 0:00:02]} Rc1+ {
[%emt 0:00:02]} 43. Kg2 {[%emt 0:00:01]} R8c5 {[%emt 0:00:03]} 44. Bf6 {
[%emt 0:00:02]} Rc7 {[%emt 0:00:05]} 45. Rxe4 {[%emt 0:00:03]} R1c4 {
[%emt 0:00:00]} 46. Re5 {[%emt 0:00:06]} a4 {[%emt 0:00:03]} 47. Kg3 {
[%emt 0:00:01]} Ra7 {[%emt 0:00:02]} 48. Re8+ {[%emt 0:00:03]} Kf7 {
[%emt 0:00:02]} 49. Rh8 {[%emt 0:00:02]} Ke6 {[%emt 0:00:03]} 50. Re8+ {
[%emt 0:00:02]} Kd6 {[%emt 0:00:02]} 51. Rd8+ {[%emt 0:00:01]} Kc6 {
[%emt 0:00:02]} 52. Rc8+ {[%emt 0:00:02]} Kb5 {[%emt 0:00:02]} 53. Rb8+ {
[%emt 0:00:03]} Ka6 {[%emt 0:00:02]} 54. Bd8 {[%emt 0:00:02]} Rb7 {
[%emt 0:00:13]} 55. Ra8+ {[%emt 0:00:05]} Kb5 {[%emt 0:00:02]} 56. f4 {
[%emt 0:00:02]} Rd7 {[%emt 0:00:02]} 57. Rb8+ {[%emt 0:00:02]} Kc5 {
[%emt 0:00:02]} 58. Bf6 {[%emt 0:00:02]} a3 {[%emt 0:00:02]} 59. Kg4 {
[%emt 0:00:02]} Ra4 {[%emt 0:00:02]} 60. Rc8+ {[%emt 0:00:08]} Kd5 {
[%emt 0:00:02]} 61. Rc1 {[%emt 0:00:07]} a2 {[%emt 0:00:02]} 62. Be5 {
[%emt 0:00:00]} Rb7 {[%emt 0:00:03]} 63. Rd1+ {[%emt 0:00:03]} Ke4 {
[%emt 0:00:02]} 64. Re1+ {[%emt 0:00:02]} Kd3 {[%emt 0:00:01]} 65. Rf1 {
[%emt 0:00:02]} Rb1 {[%emt 0:00:02]} 66. Rf3+ {[%emt 0:00:02]} Ke2 {
[%emt 0:00:01]} 67. Rg3 {[%emt 0:00:08]} a1=Q {[%emt 0:00:05]} 68. Bxa1 {
[%emt 0:00:02]} Rbxa1 {[%emt 0:00:04]} 69. h5 {[%emt 0:00:01]} gxh5+ {
[%emt 0:00:01]} 70. Kf5 {[%emt 0:00:04]} 0-1

[Event "9. Forchheimer Sparkassen Open 2010"]
[Site "Forchheim"]
[Date "2010.10.01"]
[Round "1.23"]
[White "Weber, Daniel"]
[Black "Wohlfahrt, Dr. Michael"]
[Result "1-0"]
[WhiteElo "1685"]
[BlackElo "1743"]
[PlyCount "79"]
[EventDate "2010.??.??"]
[WhiteTeam "SC Bechhofen 1923 e.V."]
[BlackTeam "SAbt TSF Welzheim"]

1. e4 {[%emt 0:00:00]} c5 {[%emt 0:00:03]} 2. d4 {[%emt 0:00:03]} cxd4 {
[%emt 0:00:01]} 3. c3 {[%emt 0:00:02]} d5 {[%emt 0:00:01]} 4. exd5 {
[%emt 0:00:06]} Qxd5 {[%emt 0:00:01]} 5. Nf3 {[%emt 0:00:03]} Nc6 {
[%emt 0:00:01]} 6. cxd4 {[%emt 0:00:05]} e5 {[%emt 0:00:02]} 7. Nc3 {
[%emt 0:00:03]} Bb4 {[%emt 0:00:02]} 8. a3 {[%emt 0:00:00]} Bxc3+ {
[%emt 0:00:01]} 9. bxc3 {[%emt 0:00:01]} Bg4 {[%emt 0:00:05]} 10. Be2 {
[%emt 0:00:03]} e4 {[%emt 0:00:01]} 11. Ng5 {[%emt 0:00:02]} Bf5 {
[%emt 0:00:02]} 12. f3 {[%emt 0:00:02]} Nf6 {[%emt 0:00:01]} 13. fxe4 {
[%emt 0:00:03]} Bxe4 {[%emt 0:00:04]} 14. Nxe4 {[%emt 0:00:03]} Qxe4 {
[%emt 0:00:01]} 15. O-O {[%emt 0:00:03]} O-O {[%emt 0:00:03]} 16. Bd3 {
[%emt 0:00:02]} Qg4 {[%emt 0:00:02]} 17. Rf3 {[%emt 0:00:02]} Ne7 {
[%emt 0:00:02]} 18. h3 {[%emt 0:00:02]} Qd7 {[%emt 0:00:01]} 19. Bg5 {
[%emt 0:00:03]} Nfd5 {[%emt 0:00:02]} 20. c4 {[%emt 0:00:02]} f6 {
[%emt 0:00:04]} 21. Bh4 {[%emt 0:00:04]} Nc7 {[%emt 0:00:02]} 22. Kh1 {
[%emt 0:00:02]} Rad8 {[%emt 0:00:01]} 23. d5 {[%emt 0:00:02]} Ng6 {
[%emt 0:00:02]} 24. Bf5 {[%emt 0:00:04]} Qe7 {[%emt 0:00:05]} 25. Be1 {
[%emt 0:00:12]} Rfe8 {[%emt 0:00:04]} 26. Qc2 {[%emt 0:00:03]} Nf8 {
[%emt 0:00:02]} 27. Bb4 {[%emt 0:00:04]} Qe2 {[%emt 0:00:02]} 28. Qb3 {
[%emt 0:00:02]} Qe5 {[%emt 0:00:02]} 29. Re1 {[%emt 0:00:03]} Qd4 {
[%emt 0:00:02]} 30. Rd1 {[%emt 0:00:12]} Qh4 {[%emt 0:00:01]} 31. d6 {
[%emt 0:00:06]} Na6 {[%emt 0:00:02]} 32. d7 {[%emt 0:00:03]} Re2 {
[%emt 0:00:03]} 33. Qd3 {[%emt 0:00:02]} Re5 {[%emt 0:00:08]} 34. Bd6 {
[%emt 0:00:07]} Re1+ {[%emt 0:00:04]} 35. Rxe1 {[%emt 0:00:03]} Qxe1+ {
[%emt 0:00:02]} 36. Rf1 {[%emt 0:00:03]} Qa5 {[%emt 0:00:05]} 37. Be7 {
[%emt 0:00:03]} Nb8 {[%emt 0:00:05]} 38. Bxd8 {[%emt 0:00:04]} Qxd8 {
[%emt 0:00:01]} 39. Re1 {[%emt 0:00:04]} Nbxd7 {[%emt 0:00:03]} 40. Rd1 {
[%emt 0:00:01]} 1-0

[Event "9. Forchheimer Sparkassen Open 2010"]
[Site "Forchheim"]
[Date "2010.10.01"]
[Round "1.24"]
[White "Schreck, Michael"]
[Black "Spiegelhauer, Tilmann"]
[Result "1-0"]
[WhiteElo "1837"]
[BlackElo "1880"]
[PlyCount "31"]
[EventDate "2010.??.??"]
[WhiteTeam "TV Faulbach e.V. 1920"]
[BlackTeam "SC Uttenreuth e.V."]

1. d4 {[%emt 0:00:00]} d5 {[%emt 0:00:01]} 2. Nf3 {[%emt 0:00:02]} Nf6 {
[%emt 0:00:01]} 3. e3 {[%emt 0:00:02]} e6 {[%emt 0:00:01]} 4. Bd3 {
[%emt 0:00:02]} c5 {[%emt 0:00:01]} 5. b3 {[%emt 0:00:02]} Nc6 {[%emt 0:00:01]}
6. Bb2 {[%emt 0:00:02]} Be7 {[%emt 0:00:01]} 7. O-O {[%emt 0:00:02]} O-O {
[%emt 0:00:01]} 8. Nbd2 {[%emt 0:00:02]} b6 {[%emt 0:00:01]} 9. Ne5 {
[%emt 0:00:02]} Bb7 {[%emt 0:00:01]} 10. f4 {[%emt 0:00:02]} Qc7 {
[%emt 0:00:01]} 11. a3 {[%emt 0:00:01]} Rac8 {[%emt 0:00:01]} 12. Qe2 {
[%emt 0:00:02]} Nb8 {[%emt 0:00:02]} 13. f5 {[%emt 0:00:02]} Ne4 {
[%emt 0:00:02]} 14. fxe6 {[%emt 0:00:02]} fxe6 {[%emt 0:00:01]} 15. Nf7 {
[%emt 0:00:02]} Nxd2 {[%emt 0:00:02]} 16. Bxh7+ {[%emt 0:00:03]} 1-0

[Event "9. Forchheimer Sparkassen Open 2010"]
[Site "Forchheim"]
[Date "2010.10.01"]
[Round "1.25"]
[White "Dyroff, Roland"]
[Black "Hennig, Elmar"]
[Result "1-0"]
[WhiteElo "1773"]
[BlackElo "1644"]
[PlyCount "51"]
[EventDate "2010.??.??"]
[TimeControl "300"]

1. e4 e6 2. d4 d5 3. e5 c5 4. Nf3 Nc6 5. c3 Nh6 6. a3 c4 7. b4 Nf5 8. g3 Be7 9.
Bh3 Bd7 10. O-O h5 11. Bxf5 exf5 12. h4 Qb6 13. a4 O-O-O 14. Ba3 Rdf8 15. b5
Bxa3 16. bxc6 bxc6 17. Nxa3 f4 18. Qd2 fxg3 19. fxg3 Bf5 20. Nc2 Kc7 21. a5 Qa6
22. Nb4 Qc8 23. Qf4 Qe6 24. Ng5 Qg6 25. e6+ Kb7 26. Qxf5 1-0

[Event "9. Forchheimer Sparkassen Open 2010"]
[Site "Forchheim"]
[Date "2010.10.01"]
[Round "1.26"]
[White "Schneider, Peter"]
[Black "Glawe, Ralf"]
[Result "0-1"]
[WhiteElo "1629"]
[BlackElo "1771"]
[PlyCount "120"]
[EventDate "2010.??.??"]
[WhiteTeam "TSV Kirchehrenbach"]
[BlackTeam "MTV Ingolstadt"]

1. Nf3 {[%emt 0:00:00]} Nf6 {[%emt 0:00:01]} 2. d4 {[%emt 0:00:04]} e6 {
[%emt 0:00:01]} 3. e3 {[%emt 0:00:03]} c5 {[%emt 0:00:02]} 4. c4 {
[%emt 0:00:04]} cxd4 {[%emt 0:00:02]} 5. exd4 {[%emt 0:00:04]} d5 {
[%emt 0:00:03]} 6. Nc3 {[%emt 0:00:51]} Be7 {[%emt 0:00:03]} 7. cxd5 {
[%emt 0:00:04]} Nxd5 {[%emt 0:00:01]} 8. Bb5+ {[%emt 0:00:04]} Bd7 {
[%emt 0:00:02]} 9. Bxd7+ {[%emt 0:00:06]} Qxd7 {[%emt 0:00:02]} 10. O-O {
[%emt 0:00:04]} O-O {[%emt 0:00:01]} 11. Ne5 {[%emt 0:00:04]} Qd8 {
[%emt 0:00:01]} 12. Nxd5 {[%emt 0:00:03]} Qxd5 {[%emt 0:00:01]} 13. Be3 {
[%emt 0:00:05]} Nd7 {[%emt 0:00:01]} 14. Nxd7 {[%emt 0:00:04]} Qxd7 {
[%emt 0:00:01]} 15. Qe2 {[%emt 0:00:04]} Rfd8 {[%emt 0:00:02]} 16. Rfd1 {
[%emt 0:00:04]} Qd5 {[%emt 0:00:04]} 17. b3 {[%emt 0:00:13]} Rd7 {
[%emt 0:00:03]} 18. Rac1 {[%emt 0:00:03]} Rad8 {[%emt 0:00:03]} 19. f4 {
[%emt 0:00:03]} g6 {[%emt 0:00:02]} 20. Kf2 {[%emt 0:00:03]} Bf6 {
[%emt 0:00:01]} 21. Rc5 {[%emt 0:00:12]} Qe4 {[%emt 0:00:02]} 22. Qf3 {
[%emt 0:00:03]} Qxf3+ {[%emt 0:00:01]} 23. Kxf3 {[%emt 0:00:01]} b6 {
[%emt 0:00:02]} 24. Rc2 {[%emt 0:00:06]} Kf8 {[%emt 0:00:01]} 25. Ke4 {
[%emt 0:00:05]} Bg7 {[%emt 0:00:03]} 26. g4 {[%emt 0:00:03]} f5+ {
[%emt 0:00:01]} 27. gxf5 {[%emt 0:00:03]} gxf5+ {[%emt 0:00:03]} 28. Kf3 {
[%emt 0:00:03]} Ke7 {[%emt 0:00:04]} 29. Bf2 {[%emt 0:00:05]} Bxd4 {
[%emt 0:00:04]} 30. Rxd4 {[%emt 0:00:06]} Rxd4 {[%emt 0:00:02]} 31. Bxd4 {
[%emt 0:00:04]} Rxd4 {[%emt 0:00:01]} 32. Ke3 {[%emt 0:00:01]} Rd7 {
[%emt 0:00:03]} 33. a4 {[%emt 0:00:04]} h6 {[%emt 0:00:02]} 34. h4 {
[%emt 0:00:03]} a6 {[%emt 0:00:01]} 35. h5 {[%emt 0:00:03]} Rd6 {[%emt 0:00:04]
} 36. Rc7+ {[%emt 0:00:04]} Kf6 {[%emt 0:00:01]} 37. b4 {[%emt 0:00:04]} e5 {
[%emt 0:00:03]} 38. fxe5+ {[%emt 0:00:03]} Kxe5 {[%emt 0:00:01]} 39. Re7+ {
[%emt 0:00:04]} Re6 {[%emt 0:00:03]} 40. Rf7 {[%emt 0:00:04]} Rc6 {
[%emt 0:00:02]} 41. Re7+ {[%emt 0:00:05]} Kf6 {[%emt 0:00:04]} 42. Ra7 {
[%emt 0:00:02]} Re6+ {[%emt 0:00:03]} 43. Kf3 {[%emt 0:00:01]} b5 {
[%emt 0:00:02]} 44. a5 {[%emt 0:00:02]} Kg5 {[%emt 0:00:02]} 45. Rb7 {
[%emt 0:00:02]} Re4 {[%emt 0:00:03]} 46. Rb6 {[%emt 0:00:02]} Rxb4 {
[%emt 0:00:02]} 47. Rxa6 {[%emt 0:00:01]} Rb3+ {[%emt 0:00:03]} 48. Kf2 {
[%emt 0:00:03]} Ra3 {[%emt 0:00:02]} 49. Ra8 {[%emt 0:00:03]} Kxh5 {
[%emt 0:00:03]} 50. a6 {[%emt 0:00:02]} Kg4 {[%emt 0:00:02]} 51. a7 {
[%emt 0:00:03]} Kf4 {[%emt 0:00:01]} 52. Kg2 {[%emt 0:00:04]} h5 {
[%emt 0:00:02]} 53. Rb8 {[%emt 0:00:02]} Rxa7 {[%emt 0:00:05]} 54. Rxb5 {
[%emt 0:00:01]} Kg4 {[%emt 0:00:02]} 55. Rb4+ {[%emt 0:00:02]} f4 {
[%emt 0:00:01]} 56. Rb2 {[%emt 0:00:02]} Ra3 {[%emt 0:00:01]} 57. Kh2 {
[%emt 0:00:02]} Rh3+ {[%emt 0:00:03]} 58. Kg2 {[%emt 0:00:02]} f3+ {
[%emt 0:00:01]} 59. Kg1 {[%emt 0:00:01]} Kg3 {[%emt 0:00:01]} 60. Rb3 {
[%emt 0:00:03]} Rh4 {[%emt 0:00:02]} 0-1